El mundo en que vivimos / (Record no. 109595)

MARC details
000 -LEADER
campo de control de longitud fija 00943nam a2200241 i 4500
001 - NÚMERO DE CONTROL
campo de control 109595
003 - IDENTIFICADOR DE NÚMERO DE CONTROL
campo de control ES-MaACL
005 - FECHA Y HORA DE LA ÚLTIMA TRANSACCIÓN
campo de control 20250822153248.0
007 - CAMPO FIJO DE DESCRIPCIÓN FÍSICA--INFORMACIÓN GENERAL
campo de control de longitud fija t|
008 - DATOS DE LONGITUD FIJA--INFORMACIÓN GENERAL
campo de control de longitud fija 061121s1960 sp r ||||1| spa d
245 03 - MENCIÓN DEL TÍTULO
Título El mundo en que vivimos /
Mención de responsabilidad, etc. por el cuerpo de redacción de Life y Lincoln Barnett ; realizada bajo la dirección general de Jerome S. Hardy ; prólogo de José Mª Millás Vallicrosa ; versión española de Juan Godó Costa.
250 ## - MENCION DE EDICION
Mención de edición 1ª. ed.
260 ## - PUBLICACIÓN, DISTRIBUCIÓN, ETC.
Lugar de publicación, distribución, etc. Barcelona :
Nombre del editor, distribuidor, etc. Luis Miracle,
Fecha de publicación, distribución, etc. 1960.
300 ## - DESCRIPCIÓN FÍSICA
Extensión 298 p., 6 lám :
Otras características físicas il. ;
Dimensiones 36 cm.
594 ## - Nota al título y mención de responsabilidad
Nota al título y mención de responsabilidad Precede al tít.: Libros de Time-Life.
650 07 - PUNTO DE ACCESO ADICIONAL DE MATERIA--TÉRMINO DE MATERIA
Término de materia o nombre geográfico como elemento de entrada Ciencias naturales
Fuente del encabezamiento o término embne
9 (RLIN) 10984
700 1# - ENTRADA AGREGADA--NOMBRE PERSONAL
Nombre de persona Millás Vallicrosa, José María,
Fechas asociadas al nombre 1888-1970
9 (RLIN) 81191
700 1# - ENTRADA AGREGADA--NOMBRE PERSONAL
Nombre de persona Barnett, Lincoln.
9 (RLIN) 25731
700 1# - ENTRADA AGREGADA--NOMBRE PERSONAL
Nombre de persona Hardy, Jerome S.
9 (RLIN) 166732
700 1# - ENTRADA AGREGADA--NOMBRE PERSONAL
Nombre de persona Godo Costa, Juan.
9 (RLIN) 57532
852 ## - LOCALIZACIÓN
Ubicación ES-MaACL
Número de control de estantería F-15978
Sublocalización o colección R.47129
Holdings
Estatus retirado Estado de pérdida Estado de daño No para préstamo Biblioteca de origen Biblioteca actual Ubicación en estantería Fecha de adquisición Fuente de adquisición Total de préstamos Signatura topográfica completa Código de barras Visto por última vez Precio de reemplazo Tipo de ítem Koha
        Biblioteca del Ateneo de Madrid Biblioteca del Ateneo de Madrid Sala Pecera Planta 2 17/01/2008     F-15978 1114349 23/02/2023 23/02/2023 Libro impreso